Ph.D upadhi: Chunautiya evam samadhan (Record no. 2530)

MARC details
000 -LEADER
fixed length control field 00470nam a2200169Ia 4500
008 - FIXED-LENGTH DATA ELEMENTS--GENERAL INFORMATION
fixed length control field 230917s9999||||xx |||||||||||||| ||und||
020 ## - ISBN
Price RS 495.00
040 ## - CATALOGING SOURCE
-- 5010914
Original cataloging agency VIVEKANANDA LIBRARY
041 ## - Language
-- English
082 ## - DDC NUMBER
Classification number 300.72 B469P
100 ## - MAIN ENTRY--PERSONAL NAME
Personal name Bhayana, Sanjay
245 #0 - TITLE STATEMENT
Title Ph.D upadhi: Chunautiya evam samadhan
260 ## - PUBLICATION, DISTRIBUTION, ETC. (IMPRINT)
Place of publication, distribution, etc Rohtak
Name of publisher, distributor, etc Intellectual Foundation(India)
Date of publication, distribution, etc 2020
300 ## - PHYSICAL DESCRIPTION
Pages 339 p.
500 ## - GENERAL NOTE
General note 4102 05/10/2021 HBD21/8866 11/10/2021 Main Budget
942 ## - ADDED ENTRY ELEMENTS (KOHA)
Koha item type Books
Holdings
Withdrawn status Lost status Damaged status Not for loan Location (home branch) Sublocation or collection (holding branch) Date acquired Koha issues (times borrowed) Koha full call number Accession No. Koha date last seen Koha item type
        VIVEKANANDA LIBRARY VIVEKANANDA LIBRARY 17/11/2021 2 300.72 B469P 397417 01/03/2025 Books
        VIVEKANANDA LIBRARY VIVEKANANDA LIBRARY 17/11/2021 1 300.72 B469P 397418 06/03/2025 Books
        VIVEKANANDA LIBRARY VIVEKANANDA LIBRARY 17/11/2021 1 300.72 B469P 397419 21/05/2024 Books
        VIVEKANANDA LIBRARY VIVEKANANDA LIBRARY 17/11/2021   300.72 B469P 397420 17/09/2023 Books
        VIVEKANANDA LIBRARY VIVEKANANDA LIBRARY 17/11/2021 1 300.72 B469P 397421 06/08/2024 Books
© Designed and Maintained by Vivekananda Library, MDU Rohtak